[Event "Doha Ramadan op"]
[Site "Doha"]
[Date "2024.03.20"]
[Round "7"]
[White "Alhejab, Meshal"]
[Black "Erfan, Mohamad Firdaus"]
[Result "0-1"]
[WhiteElo "1930"]
[BlackElo "1762"]
[PlyCount "82"]
[EventDate "2024.03.14"]
[EventType "swiss"]
[EventRounds "9"]
[EventCountry "QAT"]
[SourceTitle "CB15_2024"]
[SourceDate "2024.04.10"]
[SourceVersion "1"]
[SourceVersionDate "2024.04.10"]
[SourceQuality "1"]

1. e4 e5 2. Nf3 Nc6 3. Bb5 a6 4. Ba4 Nf6 5. 0-0 b5 6. Bb3 Bc5 7. c3 d6 8. d4 Bb6 9. dxe5 Nxe5 10. Nxe5 dxe5 11. Qxd8+ Kxd8 12. Bg5 Ke7 13. Bd5 Rb8 14. a4 Bd7 15. axb5 axb5 16. Nd2 h6 17. Bxf6+ Kxf6 18. Kh1 c6 19. Bb3 g5 20. Rfd1 Ra8 21. Rac1 Be6 22. Bxe6 Kxe6 23. c4 Rhc8 24. c5 Bc7 25. Nf1 Ra4 26. f3 Rd4 27. Ne3 Rcd8 28. Re1 Ba5 29. Re2 Bd2 30. Ra1 Bxe3 31. Rxe3 Rd1+ 32. Re1 Rxe1+ 33. Rxe1 f5 34. h3 Rd2 35. b4 fxe4 36. fxe4 Rd4 37. Ra1 Rxe4 38. Ra8 Rxb4 39. Rh8 g4 40. Rxh6+ Kd5 41. Rh5 g3 0-1

[Event "Doha AAB op 5th"]
[Site "Doha"]
[Date "2021.11.13"]
[Round "3"]
[White "Erfan, Mohamad Firdaus"]
[Black "Ping, Alvin"]
[Result "1/2-1/2"]
[WhiteElo "1269"]
[BlackElo "1574"]
[PlyCount "129"]
[EventDate "2021.11.12"]
[EventType "swiss"]
[EventRounds "7"]
[EventCountry "QAT"]
[SourceTitle "CBM 205 Extra"]
[Source "ChessBase"]
[SourceDate "2022.01.31"]
[SourceVersion "1"]
[SourceVersionDate "2022.01.31"]
[SourceQuality "1"]

1. e4 d6 2. d4 Nf6 3. Nc3 c6 4. Nf3 Bg4 5. Be2 e6 6. h3 Bh5 7. Bf4 Be7 8. 0-0 d5 9. exd5 exd5 10. Re1 0-0 11. Nh2 Bg6 12. Ng4 Nxg4 13. Bxg4 Nd7 14. Be2 Bb4 15. Bd3 Qf6 16. Be3 Rfe8 17. a3 Bd6 18. Bxg6 Qxg6 19. Qg4 Qxg4 20. hxg4 Re6 21. Bd2 Rae8 22. Rxe6 Rxe6 23. Re1 Rxe1+ 24. Bxe1 Nb6 25. a4 Bb4 26. b3 Nd7 27. Kf1 Bxc3 28. Bxc3 f6 29. Ke2 Nf8 30. Ke3 Kf7 31. f3 Ne6 32. Bb4 b6 33. Bd6 Ke8 34. c4 Kd7 35. c5 bxc5 36. dxc5 Nd8 37. b4 a6 38. Kd4 Ne6+ 39. Ke3 Nd8 40. g3 g6 41. f4 Nf7 42. Bb8 Nh6 43. Kf3 f5 44. gxf5 gxf5 45. Be5 Nf7 46. Bd4 Ke6 47. Ke3 Nh6 48. Kf2 Ng4+ 49. Kf3 Nh6 50. Ke3 Nf7 51. Kf3 h5 52. Ke3 Nd8 53. Kf3 Kd7 54. Kg2 Ne6 55. Be5 a5 56. Bc3 d4 57. Bd2 axb4 58. Bxb4 Nc7 59. Kf2 Ke6 60. Ke2 Na6 61. Ba3 Kd5 62. Kd3 Nc7 63. Bb4 Na6 64. Ba3 Nc7 65. Bb4 1/2-1/2

[Event "Doha AAB op 5th"]
[Site "Doha"]
[Date "2021.11.12"]
[Round "1"]
[White "Erfan, Mohamad Firdaus"]
[Black "Mendoza, Ryan"]
[Result "0-1"]
[WhiteElo "1269"]
[BlackElo "1953"]
[PlyCount "96"]
[EventDate "2021.11.12"]
[EventType "swiss"]
[EventRounds "7"]
[EventCountry "QAT"]
[SourceTitle "CBM 205 Extra"]
[Source "ChessBase"]
[SourceDate "2022.01.31"]
[SourceVersion "1"]
[SourceVersionDate "2022.01.31"]
[SourceQuality "1"]

1. e4 c5 2. c3 Nc6 3. Bd3 d5 4. Nf3 Qd6 5. Qc2 Bg4 6. exd5 Bxf3 7. gxf3 Qxd5 8. Be2 Nf6 9. Qb3 Qd7 10. Na3 e6 11. Nc4 Be7 12. d3 0-0 13. Be3 Nd5 14. 0-0-0 Rab8 15. Rhg1 b5 16. Nd2 a5 17. Ne4 Nxe3 18. fxe3 a4 19. Qc2 f5 20. Ng5 h6 21. Nh3 b4 22. Kd2 b3 23. Qb1 e5 24. Ke1 f4 25. Nf2 Bh4 26. Rg4 Bxf2+ 27. Kxf2 fxe3+ 28. Kxe3 Ne7 29. Kd2 Nd5 30. Re4 Nf4 31. Rf1 bxa2 32. Qxa2+ Kh8 33. Kc2 Qh3 34. Kd1 Qg2 35. Ke1 a3 36. b3 Nxd3+ 37. Kd1 Nf2+ 38. Rxf2 Qxf2 39. Qxa3 c4 40. bxc4 Rfd8+ 41. Kc2 Rb7 42. Rxe5 Rbd7 43. Kb3 Rd2 44. Qe7 Qe1 45. Ka4 Qa1+ 46. Kb5 Rb2+ 47. Kc6 Qa6+ 48. Kc7 Qc8# 0-1

[Event "Online Olym Div4 B"]
[Site "Chess.com INT"]
[Date "2021.08.22"]
[Round "8.6"]
[White "Erfan, Mohamad Firdaus"]
[Black "Eichab, Charles Sidney"]
[Result "1/2-1/2"]
[WhiteElo "1241"]
[BlackElo "2029"]
[PlyCount "64"]
[EventDate "2021.08.20"]
[EventType "team (rapid)"]
[EventRounds "11"]
[EventCountry "USA"]
[SourceTitle "CBM 203 Extra"]
[Source "ChessBase"]
[SourceDate "2021.09.30"]
[SourceVersion "1"]
[SourceVersionDate "2021.09.30"]
[SourceQuality "1"]
[WhiteTeam "Qatar"]
[BlackTeam "Namibia"]
[WhiteTeamCountry "QAT"]
[BlackTeamCountry "NAM"]

1. e4 c5 2. Nf3 d6 3. c3 Nf6 4. h3 Nc6 5. d4 cxd4 6. cxd4 d5 7. e5 Ne4 8. Bd3 Bf5 9. 0-0 e6 10. Nc3 Be7 11. Re1 Nxc3 12. bxc3 Bxd3 13. Qxd3 0-0 14. Nh2 Na5 15. Re3 Bg5 16. Rg3 Bxc1 17. Rxc1 f5 18. exf6 Qxf6 19. Ng4 Qf4 20. Re1 h5 21. Rf3 Qg5 22. Ne5 Rxf3 23. Nxf3 Qf6 24. Qe3 Re8 25. Qg5 Qxg5 26. Nxg5 Rc8 27. Re3 Nc4 28. Rxe6 Kf8 29. f4 Nd2 30. Re5 Rxc3 31. Rxd5 Rc1+ 32. Kf2 Rc2 1/2-1/2

[Event "Online Olym Div4 B"]
[Site "Chess.com INT"]
[Date "2021.08.21"]
[Round "5.2"]
[White "Erfan, Mohamad Firdaus"]
[Black "Mohamud, Hussein Ali"]
[Result "1-0"]
[WhiteElo "1241"]
[BlackElo "1743"]
[PlyCount "85"]
[EventDate "2021.08.20"]
[EventType "team (rapid)"]
[EventRounds "11"]
[EventCountry "USA"]
[SourceTitle "CBM 203 Extra"]
[Source "ChessBase"]
[SourceDate "2021.09.30"]
[SourceVersion "1"]
[SourceVersionDate "2021.09.30"]
[SourceQuality "1"]
[WhiteTeam "Qatar"]
[BlackTeam "Somalia"]
[WhiteTeamCountry "QAT"]
[BlackTeamCountry "SOM"]

1. e4 e6 2. d4 d5 3. Nd2 Nf6 4. e5 Nfd7 5. Bd3 c5 6. c3 Nc6 7. Ne2 cxd4 8. cxd4 Qb6 9. Nf3 Be7 10. 0-0 0-0 11. a3 f6 12. Nf4 fxe5 13. Nxe5 Ndxe5 14. dxe5 Nxe5 15. Bxh7+ Kxh7 16. Qh5+ Kg8 17. Qxe5 Bd6 18. Qg5 Rf5 19. Qg4 e5 20. Nxd5 Qc5 21. Qe4 Be6 22. Nc3 Raf8 23. Be3 Qc8 24. Nb5 Bb8 25. Rac1 Qd7 26. Nc3 R5f6 27. Rfd1 Qf7 28. f3 Qh5 29. Ne2 Bf5 30. Qc4+ Be6 31. Qc2 Rxf3 32. gxf3 Qxf3 33. Bc5 Rf5 34. Ng3 Bd5 35. Nxf5 Qh1+ 36. Kf2 Qxh2+ 37. Kf1 Qh1+ 38. Bg1 Qh3+ 39. Ke1 Bc6 40. Rd8+ Kf7 41. Qf2 Ke6 42. Nxg7+ Ke7 43. Qf8# 1-0

[Event "Online Olym Div4 B"]
[Site "Chess.com INT"]
[Date "2021.08.20"]
[Round "2.4"]
[White "Alqwasma, Mohamed"]
[Black "Erfan, Mohamad Firdaus"]
[Result "1/2-1/2"]
[WhiteElo "1731"]
[BlackElo "1241"]
[PlyCount "119"]
[EventDate "2021.08.20"]
[EventType "team (rapid)"]
[EventRounds "11"]
[EventCountry "USA"]
[SourceTitle "CBM 203 Extra"]
[Source "ChessBase"]
[SourceDate "2021.09.30"]
[SourceVersion "1"]
[SourceVersionDate "2021.09.30"]
[SourceQuality "1"]
[WhiteTeam "Palestine"]
[BlackTeam "Qatar"]
[WhiteTeamCountry "PLE"]
[BlackTeamCountry "QAT"]

1. Nf3 d5 2. g3 Bf5 3. Bg2 e6 4. d3 Nf6 5. 0-0 c5 6. Nbd2 Nc6 7. c3 Be7 8. Qe1 0-0 9. e4 dxe4 10. dxe4 Bg4 11. h3 Bh5 12. g4 Bg6 13. Nh4 Ne5 14. Nxg6 hxg6 15. Qe2 Qd3 16. Qxd3 Nxd3 17. Nc4 Rad8 18. a4 a6 19. Rd1 Nxc1 20. Raxc1 b5 21. axb5 axb5 22. Ne3 Rxd1+ 23. Rxd1 Rd8 24. Rxd8+ Bxd8 25. Nc2 Bc7 26. Kf1 Kf8 27. Ke2 Ke7 28. Ke3 g5 29. Bf1 Bf4+ 30. Kf3 Bc1 31. b3 Bb2 32. Bxb5 Bxc3 33. Ne3 Nd7 34. Nc4 Ne5+ 35. Nxe5 Bxe5 36. Ke3 Bd4+ 37. Ke2 Kd6 38. Kf3 Ke5 39. Be8 f6 40. Bg6 Bb2 41. Bf7 Bc1 42. Bg8 Kd6 43. Kg3 Ke5 44. Kf3 f5 45. exf5 exf5 46. gxf5 Kxf5 47. Bc4 Bb2 48. Bb5 Bd4 49. Bd7+ Kf6 50. Bb5 Ke6 51. Kg3 Kd5 52. f3 Ke5 53. Kg4 Be3 54. Bc4 Kf6 55. Bd3 Ke5 56. Bc4 Kf6 57. Bd3 Ke5 58. Be4 Bd2 59. Bg6 Be3 60. Bd3 1/2-1/2

[Event "Asia Nations online Cup"]
[Site "Chess.com INT"]
[Date "2020.10.16"]
[Round "4.17"]
[White "Erfan, Mohamad Firdaus"]
[Black "Muhammed, Shuaau"]
[Result "1/2-1/2"]
[WhiteElo "1241"]
[BlackElo "1925"]
[PlyCount "164"]
[EventDate "2020.10.10"]
[EventType "team-swiss (rapid)"]
[EventRounds "9"]
[EventCountry "IND"]
[SourceTitle "CBM 198 Extra"]
[Source "ChessBase"]
[SourceDate "2020.11.30"]
[SourceVersion "1"]
[SourceVersionDate "2020.11.30"]
[SourceQuality "1"]
[WhiteTeam "Qatar"]
[BlackTeam "Maldives"]
[WhiteTeamCountry "QAT"]
[BlackTeamCountry "MDV"]

1. e4 e5 2. Nf3 Nc6 3. Bc4 Nf6 4. d3 Be7 5. c3 d6 6. Nbd2 0-0 7. h3 a6 8. 0-0 Na5 9. b4 Nxc4 10. Nxc4 Re8 11. Re1 h6 12. a3 Bf8 13. Bb2 g6 14. Qc2 Bg7 15. Rad1 b5 16. Ncd2 Bb7 17. d4 Nd7 18. c4 exd4 19. Bxd4 Bxd4 20. Nxd4 c5 21. N4b3 cxb4 22. axb4 Rc8 23. Na5 Ba8 24. Qb2 Qf6 25. Qxf6 Nxf6 26. f3 Red8 27. Re3 Nd7 28. cxb5 axb5 29. Ndb3 Ne5 30. Rd4 Nc4 31. Red3 Kf8 32. Rd1 Ke7 33. Kf2 Na3 34. R4d2 Nc2 35. Nd4 Nxb4 36. Nxb5 Rc5 37. Nxd6 Rxa5 38. Nf5+ gxf5 39. Rxd8 fxe4 40. fxe4 Ra2+ 41. Kf3 Ra3+ 42. Kf4 Nc2 43. R1d7+ Kf6 44. Rd6+ Kg7 45. g3 Ra4 46. Re8 Nd4 47. Rxd4 Rxd4 48. Rxa8 Rd1 49. Ra3 Rf1+ 50. Rf3 Ra1 51. Ke5 Ra5+ 52. Kd6 Ra6+ 53. Kc5 Ra5+ 54. Kb4 Ra1 55. Kc5 Ra5+ 56. Kd6 Ra6+ 57. Kd5 Ra5+ 58. Kc4 Ra4+ 59. Kd5 Ra5+ 60. Kc6 Re5 61. Rf4 Kg6 62. Kd6 Ra5 63. e5 Ra3 64. Rg4+ Kf5 65. Rf4+ Kg6 66. Rf6+ Kg7 67. Ke7 Ra7+ 68. Ke8 Ra8+ 69. Kd7 Ra7+ 70. Kc8 Ra3 71. Kd7 Rxg3 72. Ke7 Rxh3 73. Rxf7+ Kg6 74. e6 Re3 75. Rf6+ Kg5 76. Kf7 h5 77. e7 Rxe7+ 78. Kxe7 h4 79. Rf1 h3 80. Ke6 Kg4 81. Rh1 Kg3 82. Rxh3+ Kxh3 1/2-1/2

[Event "Asia Nations online Cup"]
[Site "Chess.com INT"]
[Date "2020.10.10"]
[Round "1.18"]
[White "Erfan, Mohamad Firdaus"]
[Black "Najjar, Ahmad"]
[Result "0-1"]
[WhiteElo "1241"]
[BlackElo "2256"]
[PlyCount "84"]
[EventDate "2020.10.10"]
[EventType "team-swiss (rapid)"]
[EventRounds "9"]
[EventCountry "IND"]
[SourceTitle "CBM 198 Extra"]
[Source "ChessBase"]
[SourceDate "2020.11.30"]
[SourceVersion "1"]
[SourceVersionDate "2020.11.30"]
[SourceQuality "1"]
[WhiteTeam "Qatar"]
[BlackTeam "Lebanon"]
[WhiteTeamCountry "QAT"]
[BlackTeamCountry "LBN"]

1. e4 c5 2. Nf3 g6 3. c3 Bg7 4. d4 cxd4 5. cxd4 d5 6. e5 Nc6 7. Nc3 Bg4 8. Be3 a6 9. Be2 e6 10. a3 Bxf3 11. Bxf3 Nge7 12. Rc1 0-0 13. 0-0 Nf5 14. Na4 Nxe3 15. fxe3 Bh6 16. Qd3 Rc8 17. Nc5 Qe7 18. Rc2 Nxe5 19. Qb3 b6 20. Be2 bxc5 21. dxe5 c4 22. Qc3 Rb8 23. Qd4 Rb3 24. Rf3 Qg5 25. e4 Rxf3 26. Bxf3 dxe4 27. Qxe4 Qe3+ 28. Qxe3 Bxe3+ 29. Kf1 Bd4 30. Re2 Rb8 31. Rc2 Bxb2 32. Rxc4 Bxa3 33. Ra4 Bb2 34. Ra5 Rb5 35. Rxb5 axb5 36. Bc6 Bxe5 37. Bxb5 Bxh2 38. Ke2 f5 39. Kf3 Bd6 40. Bc4 Kf7 41. g4 Kf6 42. Kg2 fxg4 0-1

[Event "Asia Nations online Cup"]
[Site "Chess.com INT"]
[Date "2020.10.10"]
[Round "3.16"]
[White "Sole, Michael D"]
[Black "Erfan, Mohamad Firdaus"]
[Result "0-1"]
[WhiteElo "1805"]
[BlackElo "1241"]
[PlyCount "72"]
[EventDate "2020.10.10"]
[EventType "team-swiss (rapid)"]
[EventRounds "9"]
[EventCountry "IND"]
[SourceTitle "CBM 198 Extra"]
[Source "ChessBase"]
[SourceDate "2020.11.30"]
[SourceVersion "1"]
[SourceVersionDate "2020.11.30"]
[SourceQuality "1"]
[WhiteTeam "New Zealand"]
[BlackTeam "Qatar"]
[WhiteTeamCountry "NZL"]
[BlackTeamCountry "QAT"]

1. e4 c5 2. Nf3 d6 3. d4 cxd4 4. Nxd4 Nf6 5. Nc3 a6 6. Bg5 Nbd7 7. Qe2 h6 8. Bh4 g6 9. f4 Qc7 10. 0-0-0 Bg7 11. Kb1 0-0 12. h3 e5 13. fxe5 dxe5 14. Nf3 Re8 15. Qd2 b5 16. Bd3 Bb7 17. Rhf1 b4 18. Na4 Nxe4 19. Bxe4 Bxe4 20. Qxd7 Bxc2+ 21. Ka1 Qxd7 22. Rxd7 Bxa4 23. Rb7 Bb5 24. Re1 Rac8 25. Bg3 e4 26. Nd2 Rc2 27. Nc4 Bxc4 28. Rxb4 Bd5 29. Bf4 f5 30. Rb6 g5 31. Bc1 Rec8 32. Kb1 e3 33. Bxe3 Be4 34. Ka1 Rxg2 35. Rg6 Kh7 36. Rxa6 Bxb2# 0-1

[Event "Online Olym Div4 B"]
[Site "Chess.com INT"]
[Date "2020.08.02"]
[Round "7.2"]
[White "Erfan, Mohamad Firdaus"]
[Black "Darmanin, Jake"]
[Result "1/2-1/2"]
[WhiteElo "1241"]
[BlackElo "2078"]
[PlyCount "130"]
[EventDate "2020.07.31"]
[EventType "team-tourn (rapid)"]
[EventRounds "9"]
[EventCountry "USA"]
[SourceTitle "CBM 198"]
[Source "ChessBase"]
[SourceDate "2020.10.31"]
[SourceVersion "1"]
[SourceVersionDate "2020.10.31"]
[SourceQuality "1"]
[WhiteTeam "Qatar"]
[BlackTeam "Malta"]
[WhiteTeamCountry "QAT"]
[BlackTeamCountry "MLT"]

1. e4 e5 2. Nf3 Nc6 3. Bc4 Bc5 4. c3 Nf6 5. d3 d6 6. h3 a6 7. Nbd2 0-0 8. Nf1 Ba7 9. Ng3 Be6 10. Bb3 Bxb3 11. Qxb3 Qd7 12. Bg5 Ne8 13. Nf5 Rb8 14. h4 h6 15. Bd2 Nf6 16. Qc2 d5 17. 0-0-0 Bxf2 18. Bxh6 gxh6 19. Qxf2 Nh5 20. Qe3 Qe6 21. Qxh6 Qxh6+ 22. Nxh6+ Kh7 23. Nf5 Rbd8 24. g4 Nf4 25. Kc2 Rg8 26. g5 Nh5 27. Rde1 Kg6 28. Nh6 Rge8 29. Rhf1 Re6 30. Nh2 f6 31. Nf5 fxg5 32. Rg1 Kf7 33. Rxg5 Nf4 34. Reg1 Rf8 35. Rg7+ Ke8 36. Rxc7 dxe4 37. dxe4 Rg6 38. Rxg6 Nxg6 39. Rxb7 Nxh4 40. Ng7+ Kd8 41. Ne6+ Kc8 42. Nxf8 Kxb7 43. Ng4 Kc7 44. Ne6+ Kd6 45. Ng5 Ng6 46. a4 Nf4 47. b4 Ng2 48. b5 axb5 49. axb5 Na5 50. Nf7+ Kc5 51. Nfxe5 Kxb5 52. Nd3 Kc6 53. e5 Kd5 54. Kd2 Nc4+ 55. Ke2 Nh4 56. Nf4+ Ke4 57. Nd3 Nf5 58. Ngf2+ Kd5 59. Kf3 Nxe5+ 60. Nxe5 Kxe5 61. Nd1 Kd5 62. Kf4 Nd6 63. Ne3+ Kc5 64. Ke5 Nc4+ 65. Nxc4 Kxc4 1/2-1/2

[Event "Online Olym Div4 B"]
[Site "Chess.com INT"]
[Date "2020.08.02"]
[Round "8.4"]
[White "Nasir, Ahmad"]
[Black "Erfan, Mohamad Firdaus"]
[Result "1-0"]
[WhiteElo "1557"]
[BlackElo "1241"]
[PlyCount "53"]
[EventDate "2020.07.31"]
[EventType "team-tourn (rapid)"]
[EventRounds "9"]
[EventCountry "USA"]
[SourceTitle "CBM 198"]
[Source "ChessBase"]
[SourceDate "2020.10.31"]
[SourceVersion "1"]
[SourceVersionDate "2020.10.31"]
[SourceQuality "1"]
[WhiteTeam "Pakistan"]
[BlackTeam "Qatar"]
[WhiteTeamCountry "PAK"]
[BlackTeamCountry "QAT"]

1. e4 c5 2. Nf3 d6 3. d4 cxd4 4. Nxd4 Nf6 5. Nc3 a6 6. Bg5 Nbd7 7. f4 h6 8. Bh4 g6 9. Bc4 Qc7 10. Bb3 b5 11. 0-0 Bb7 12. Re1 Bg7 13. Nd5 Qd8 14. Nxf6+ Bxf6 15. Bxf6 Nxf6 16. e5 dxe5 17. fxe5 Nh5 18. Qg4 Bd5 19. e6 Bxb3 20. axb3 Qd5 21. exf7+ Qxf7 22. Ne6 Nf6 23. Qf3 Rc8 24. Qb7 Rxc2 25. Qb8+ Kd7 26. Rad1+ Kc6 27. Qc7# 1-0